书目信息 |
| 题名: |
我的人生美文
|
|
| 作者: | 马琼琼 编著 | |
| 分册: | ||
| 出版信息: | 北京 中国纺织出版社 2019.04 |
|
| 页数: | 196页 | |
| 开本: | 21cm | |
| 丛书名: | 毕昂英语 | |
| 单 册: | ||
| 中图分类: | H319.4:I | |
| 科图分类: | ||
| 主题词: | 英语--ying yu--语言读物 , 散文集--san wen ji--世界 | |
| 电子资源: | ||
| ISBN: | 978-7-5180-5093-2 | |
| 000 | 00973nam 2200265 450 | |
| 001 | 202019133736 | |
| 005 | 20190921113345.0 | |
| 010 | @a978-7-5180-5093-2@dCNY39.80 | |
| 100 | @a20190919d2019 em y0chiy50 ea | |
| 101 | 0 | @achi@aeng |
| 102 | @aCN@b110000 | |
| 105 | @ay z 000cy | |
| 106 | @ar | |
| 200 | 1 | @a我的人生美文@Awo de ren sheng mei wen@e那些随风飘逝的日子@f马琼琼编著 |
| 210 | @a北京@c中国纺织出版社@d2019.04 | |
| 215 | @a196页@d21cm | |
| 225 | 2 | @a毕昂英语@Abi ang ying yu@v533 |
| 330 | @a本书为“我的双语美文”系列图书的人生篇, 精选语言地道、内容精彩的文章, 设置了“英汉对照”、“单词解析”“语法知识点”“经典名句”四个板块, 让读者在欣赏美文、陶冶情操的同时, 学习英文, 积累词汇和语言表达。 | |
| 410 | 0 | @12001 @a毕昂英语@v533 |
| 606 | 0 | @a英语@Aying yu@j语言读物 |
| 606 | 0 | @a散文集@Asan wen ji@y世界 |
| 690 | @aH319.4:I@v5 | |
| 701 | 0 | @a马琼琼@Ama qiong qiong@4编著 |
| 801 | 0 | @aCN@c20190905 |
| 905 | @a河南城建学院图书馆@dH319.4:I@eM136 | |
| 我的人生美文:那些随风飘逝的日子/马琼琼编著.-北京:中国纺织出版社,2019.04 |
| 196页;21cm.-(毕昂英语;533) |
| ISBN 978-7-5180-5093-2:CNY39.80 |
| 本书为“我的双语美文”系列图书的人生篇, 精选语言地道、内容精彩的文章, 设置了“英汉对照”、“单词解析”“语法知识点”“经典名句”四个板块, 让读者在欣赏美文、陶冶情操的同时, 学习英文, 积累词汇和语言表达。 |
| ● |
| 相关链接 |
|
|
|
正题名:我的人生美文
索取号:H319.4:I/M136
 
预约/预借
| 序号 | 登录号 | 条形码 | 馆藏地/架位号 | 状态 | 备注 |
| 1 | 1441244 | 214412447 | 语言库209/209语言库 54排5列4层/ [索取号:H319.4:I/M136] | 在馆 | |
| 2 | 1441245 | 214412456 | 语言库209/209语言库 54排5列4层/ [索取号:H319.4:I/M136] | 在馆 |